000 00610nam a2200181Ia 4500
005 20250508163452.0
008 008 250505s9999 xx 000 0 eng d
037 _aTextual
040 _aFEDL
_beng
_cFEDL
041 _aeng
_2eng
084 _a379.5, UNE
_qFEDL
245 0 _aEducation for development challenges: Dilemmas
245 0 _cUNESCO: Regional Office for Education in Asia and the Pacific (Bangkok)
260 _aBangkok, Thailand
_bUNESCO Regional Office for Education in Asia and the Pacific
_c1985
300 _a189p
942 _cTEXL
_h379.5, UNE
999 _c1383494
_d1383494